Εισαγωγή στη Σύγχρονη Μικροοικονομική (Record no. 2813)
[ view plain ]
| 000 -LEADER | |
|---|---|
| fixed length control field | 02229cam a22002054a 4500 |
| 005 - ΗΜΕΡΟΜΗΝΙΑ ΚΑΙ ΩΡΑ ΤΕΛΕΥΤΑΙΑΣ ΕΝΗΜΕΡΩΣΗΣ | |
| Πεδίο ελέγχου | 20250605164054.0 |
| 008 - FIXED-LENGTH DATA ELEMENTS--GENERAL INFORMATION | |
| Πεδίο ελέγχου σταθερού μήκους | 250528s ||||||||||||||||||||||||d |
| 035 ## - SYSTEM CONTROL NUMBER | |
| System control number | 17390 |
| 020 ## - ISBN | |
| ISBN | 9602550260 |
| 040 ## - ΠΗΓΗ ΚΑΤΑΛΟΓΟΓΡΑΦΗΣΗΣ | |
| Φορέας πρωτότυπης καταλογογράφησης | MC Athens Campus Library |
| Γλώσσα καταλογογράφησης | Ελληνικά, Μοντέρνα (1453-) |
| Modifying agency | MC Athens Campus Library |
| Κανόνες περιγραφικής καταλογογράφησης | AACR2 |
| 245 1# - ΤΙΤΛΟΣ ΚΑΙ ΔΗΛΩΣΗ ΥΠΕΥΘΥΝΟΤΗΤΑΣ | |
| Τίτλος | Εισαγωγή στη Σύγχρονη Μικροοικονομική |
| 260 ## - PUBLICATION, DISTRIBUTION, ETC. | |
| Name of publisher, distributor, etc. | Εκδοτικές Επιχειρήσεις "Το Οικονομικό", |
| Date of publication, distribution, etc. | 1993 |
| 300 ## - PHYSICAL DESCRIPTION | |
| Extent | 484 |
| 520 ## - SUMMARY, ETC. | |
| Summary, etc. | Πρόλογος, Βασικές Έννοιες, Τι Είναι η Οικονομική Επιστήμη, Το Οικονομικό Σύστημα, Προβλήματα Οικονομικής Οργάνωσης και Στόχοι των Σύγχρονων Οικονομικών Συστημάτων, Οι Παραγωγικές Δυνατότητες της Κοινωνίας, Παραγωγικοί Συντελεστές και Εξειδίκευση και Καταμερισμός των Έργων και Ανταλλαγές, Χαρακτηριστικά και Λειτουργία του Σύγχρονου Οικονομικού Συστήματος της Αγοράς, Λήψη Οικονομικών Αποφάσεων και Διαδικασία Αριστοποίησης, Ζήτηση και Προσφορά, Θεωρία της Λειτουργίας των Αγορών Προϊόντων: Ζήτηση και Προσφορά, Νόμος της Ζήτησης και Θεωρία της Καταναλωτικής Χρησιμότητας, Η Θεωρία της Παραγωγής, Η Θεωρία του Κόστους Παραγωγής, Προσδιορισμός των Τιμών των Προϊόντων και των Συντελεστών Παραγωγής, Μορφές Αγοράς, Προσδιορισμός της Τιμής και του Επιπέδου Παραγωγής στο Καθαρό Μονοπώλιο, Παραγωγή Προϊόντων και Ζήτηση για Παραγωγικούς Συντελεστές, Βιβλιογραφία. |
| 700 1# - ΠΡΟΣΘΕΤΗ ΑΝΑΓΡΑΦΗ--ΦΥΣΙΚΟ ΠΡΟΣΩΠΟ | |
| Personal name | Κώττη-Πετράκη Αθηνά |
| 9 (RLIN) | 3546 |
| 700 1# - ΠΡΟΣΘΕΤΗ ΑΝΑΓΡΑΦΗ--ΦΥΣΙΚΟ ΠΡΟΣΩΠΟ | |
| Personal name | Κώττης Γεώργιος Χριστ |
| 9 (RLIN) | 3547 |
| 942 ## - ADDED ENTRY ELEMENTS (KOHA) | |
| Koha item type | Books |
| Τύπος τεκμηρίου | Βιβλιοθήκη | Τρέχουσα τοποθεσία | Barcode | Αριθμός εισαγωγής | Ημερομηνία απόκτησης | Ταξιθετικό σύμβολο | Αριθμός αντιτύπου | Κατάσταση απόσυρσης | Κατάσταση χαμένου | Κατάσταση κατεστραμμένου | Μη δανεισμός | Σύνολο δανεισμών | Ημερομηνία τελευταίας εμφάνισης | Η τιμή ισχύει από |
|---|---|---|---|---|---|---|---|---|---|---|---|---|---|---|
| Books | MC Athens Campus Library | MC Athens Campus Library | 9780000028129 | 1081 | 05/06/2025 | 338.5 KOT | 1 | 05/06/2025 | 05/06/2025 |